00517nam a22001457a 4500003000500000038001800005082000800023100002300031245013200054264003300186300002500219650002800244700004100272856005800313NUST aNusrat Nadeem a200 aKhan, Hania Hassan aThe Experiences of illiterate Women Regarding their Illiteracy: An Exploratory Study of Quetta, Pakistan./cHania Hassan Khan,  aIslamabad;bS3H NUST;c2024. a124,p;bill;c30,cm. aMS-Development Studies  aSupervisor: Dr. Tauqeer Hussain Shah u http://10.250.8.41:8080/xmlui/handle/123456789/45602